|
|
|
|
| LEADER |
01583nam a2200301 a 4500 |
| 001 |
31815 |
| 003 |
BD-DhAAL |
| 005 |
20211124125751.0 |
| 008 |
170523s2012 ne a b 001 0 eng d |
| 999 |
|
|
|c 37987
|d 37987
|
| 020 |
|
|
|a 9780123854711 (hardback)
|
| 040 |
|
|
|a DLC
|b eng
|e rda
|c DLC
|d BD-DhAAL
|
| 082 |
0 |
0 |
|a 615.1
|2 23
|
| 245 |
0 |
0 |
|a Principles of clinical pharmacology /
|c [edited by] Arthur J. Atkinson, Jr, MD, Department of Molecular Pharmacology & Biochemistry, Feinberg School of Medicine, Northwestern University [and 3 others].
|
| 250 |
|
|
|a Third edition.
|
| 260 |
|
|
|a San Diego :
|b Academic Press, Elsevier,
|c 2012.
|
| 300 |
|
|
|a xxi, 626 pages :
|b illustrations ;
|c 29 cm.
|
| 504 |
|
|
|a Includes bibliographical references.
|
| 526 |
|
|
|a PHR
|
| 541 |
|
|
|e 31815,31816,31817
|
| 650 |
|
0 |
|a Clinical pharmacology
|v Textbooks.
|9 21115
|
| 650 |
|
0 |
|a Pharmacy.
|9 43072
|
| 700 |
1 |
|
|a Atkinson, Arthur J.,
|c Jr.,
|e editor of compilation.
|9 21116
|
| 852 |
|
|
|a Ayesha Abed Library
|c General Stacks
|
| 942 |
|
|
|2 ddc
|c BK
|
| 952 |
|
|
|0 0
|1 0
|2 ddc
|4 0
|6 615_100000000000000_PRI
|7 0
|9 60699
|a BRACUL
|b BRACUL
|c GEN
|d 2017-05-22
|e Trim Education
|g 9733.00
|l 0
|o 615.1 PRI
|p 3010031817
|r 2017-05-22
|t 3
|v 9733.00
|w 2017-05-22
|y BK
|
| 952 |
|
|
|0 0
|1 0
|2 ddc
|4 0
|6 615_100000000000000_PRI
|7 0
|9 60700
|a BRACUL
|b BRACUL
|c GEN
|d 2017-05-22
|e Trim Education
|g 9733.00
|l 2
|m 11
|o 615.1 PRI
|p 3010031816
|r 2022-06-15
|s 2022-02-09
|t 2
|v 9733.00
|w 2017-05-22
|y BK
|
| 952 |
|
|
|0 0
|1 0
|2 ddc
|4 0
|6 615_100000000000000_PRI
|7 0
|9 60701
|a BRACUL
|b BRACUL
|c GEN
|d 2017-05-22
|e Trim Education
|g 9733.00
|l 0
|o 615.1 PRI
|p 3010031815
|r 2017-05-22
|t 1
|v 9733.00
|w 2017-05-22
|y BK
|